01523nam a22002657b 4500003000500000005001700005008004100022020003000063040002800093041001400121082001300135100003300148245008800181260005400269300005900323490003400382500050500416650003100921650003500952700004300987700003701030942005601067999001901123952011501142322820250808125016.0250808b sa ||||| |||| 00| 0 eng d a9780799379983 (paperback) aMPLbEnglishc3228erda0 aAfrikaans04aKAF PALM1 9188664aPalmer, JoseeAuthor10aTippie ry met die trein /cJose and Reinette Palmer; illustrator Zinelda McDonald 3 aMidrand ,South Africa: bLAPA Publishers,c 2016. a24 pages : billustrations (chiefly colour) ; c21 cm. aLeer my lees. Vlak 3 ; boek 6 aTitle from cover. Issued in slipcase with other titles in level 3 under title: Leer my lees met Tippie die olifant, Vlak 3: boek 1-10. "Graad 2+ Huistaal, Graad 3+ EAT"-- From slipcase. "Langer sinne, Kort paragrawe; Hoëfrekwensie-sigwoorde; Kontekstuele woordeskat; Aassosiasies; Taal en aktiwiteite"-- From slipcase. "Leer, speel, lees"-- From slipcase. 10th impression also issued in slipcase with other titles in level 3 under title: Leer my lees met Tippie die olifant, Vlak 3: boek 1-10. 09196199aAfrikaans language 09196201aReaders (Publications)1 9196194aMcDonald,Zinelda eillustrator1 9196198a Palmer,Reinetteeauthor 2ddccBOOKw5815xPontsho Maokoy5815zPontsho Maoko c782304d782303 00102ddc40708FaKWAMLbPHUMLcCHILDd2025-08-08l0oKAF PALMp33228031084629r2025-08-08w2025-08-08yBOOK